[Event "8th HD Bank Cup 2018"]
[Site "Hanoi VIE"]
[Date "2018.03.10"]
[Round "2.11"]
[White "Abhishek, Kelkar"]
[Black "Krysa, Leandro"]
[Result "1/2-1/2"]
[WhiteTitle "IM"]
[BlackTitle "GM"]
[WhiteElo "2370"]
[BlackElo "2548"]
[WhiteFideId "5019257"]
[BlackFideId "116807"]
[EventDate "2018.03.10"]

1. d4 Nf6 2. c4 e6 3. Nf3 d5 4. Nc3 c5 5. cxd5 Nxd5 6. e4 Nxc3 7. bxc3 cxd4 8.
cxd4 Bb4+ 9. Bd2 Bxd2+ 10. Qxd2 O-O 11. Bc4 Nd7 12. O-O b6 13. d5 Nc5 14. Rfe1
exd5 15. Bxd5 Bb7 16. Rad1 Qf6 17. Nd4 Bxd5 18. exd5 Rfe8 19. Nc6 Ne4 20. Qd4
Nc3 21. Qxf6 gxf6 22. d6 Nxd1 23. Rxd1 Re6 24. f4 f5 25. Nxa7 Rd8 26. Nb5 Re2
27. a3 Rc2 28. h3 Kf8 29. Kh2 Rc5 30. a4 Rc4 31. Rd5 Rxf4 32. Nd4 Rd7 33. Nc6
Rxa4 34. Ne5 Rd8 35. Nc6 Rd7 36. Ne5 Raa7 37. Nxd7+ Rxd7 38. Kg3 Kg7 39. Kf4 Kf6
40. Rxf5+ Ke6 41. Rh5 f6 42. Rh6 b5 43. Rh5 Rb7 44. d7 Rxd7 45. Ke4 1/2-1/2

[Event "8th HD Bank Cup 2018"]
[Site "Hanoi VIE"]
[Date "2018.03.10"]
[Round "2.12"]
[White "Tran, Minh Thang"]
[Black "Lei, Tingjie"]
[Result "1-0"]
[WhiteTitle "IM"]
[BlackTitle "GM"]
[WhiteElo "2366"]
[BlackElo "2545"]
[WhiteFideId "12401080"]
[BlackFideId "8605114"]
[EventDate "2018.03.10"]

1. d4 Nf6 2. Bf4 g6 3. Nc3 Bg7 4. e4 c5 5. dxc5 Qa5 6. Qd2 Qxc5 7. Nf3 d6 8. a3
Nbd7 9. h3 b6 10. Bd3 Bb7 11. O-O O-O 12. Rfe1 Rfd8 13. Rad1 Rac8 14. Qe2 Qc7
15. Ba6 Bxa6 16. Qxa6 Nc5 17. Qf1 Nh5 18. Nd5 Qb7 19. Bg5 Re8 20. g4 Nf6 21.
Bxf6 Bxf6 22. c3 Bg7 23. Qe2 Red8 24. Qe3 b5 25. g5 Na4 26. Rd2 Nc5 27. Qf4 Rf8
28. Qg4 f6 29. b4 Na4 30. Re3 Kh8 31. h4 f5 32. exf5 gxf5 33. Qh5 e5 34. g6 h6
35. Ng5 f4 36. Rf3 Qd7 37. Nf7+ Rxf7 38. gxf7 Rf8 39. Nf6 Qe6 40. Ne4 d5 41. Ng5
Qc6 42. Rxd5 Qxd5 43. Qg6 1-0

[Event "8th HD Bank Cup 2018"]
[Site "Hanoi VIE"]
[Date "2018.03.10"]
[Round "2.13"]
[White "Sivuk, Vitaly"]
[Black "Vo, Thanh Ninh"]
[Result "0-1"]
[WhiteTitle "GM"]
[BlackTitle "IM"]
[WhiteElo "2526"]
[BlackElo "2370"]
[WhiteFideId "14116502"]
[BlackFideId "12402141"]
[EventDate "2018.03.10"]

1. e4 c5 2. Nf3 Nc6 3. d4 cxd4 4. Nxd4 g6 5. c4 Bg7 6. Be3 Nf6 7. Nc3 Ng4 8.
Qxg4 Nxd4 9. Qd1 Ne6 10. Qd2 Qa5 11. Rc1 d6 12. a3 b6 13. Be2 Bb7 14. f3 g5 15.
O-O h5 16. Bd1 Bc6 17. Rf2 Be5 18. Nd5 Qxd2 19. Rxd2 h4 20. b4 Rc8 21. Bb3 Kf8
22. Rcc2 Bf4 23. Bxf4 gxf4 24. h3 Rg8 25. Nc3 Ng5 26. Kf2 Rg6 27. Nd5 e5 28. c5
dxc5 29. bxc5 bxc5 30. Rxc5 Rd6 31. Ra5 Ne6 32. Rxa7 Bb5 33. a4 Ba6 34. Rc2 Rb8
35. Ba2 Bd3 36. Rd2 Rc6 37. Nf6 Rc1 38. Nd7+ Kg7 39. Re2 Bxe2 40. Kxe2 Rb2+ 41.
Kd3 Rxa2 42. Nxe5 Nc5+ 43. Kd4 Rd2+ 0-1

[Event "8th HD Bank Cup 2018"]
[Site "Hanoi VIE"]
[Date "2018.03.10"]
[Round "2.14"]
[White "Tran, Tuan Minh"]
[Black "Chen, Qi b"]
[Result "1-0"]
[WhiteTitle "GM"]
[WhiteElo "2522"]
[BlackElo "2359"]
[WhiteFideId "12401820"]
[BlackFideId "8614733"]
[EventDate "2018.03.10"]

1. d4 Nf6 2. c4 e6 3. Nf3 d5 4. Nc3 c6 5. Bg5 Nbd7 6. e3 Qa5 7. cxd5 Nxd5 8. Rc1
Nxc3 9. bxc3 Ba3 10. Rc2 b6 11. Bd3 Ba6 12. O-O Bxd3 13. Qxd3 O-O 14. Bh4 h6 15.
e4 Rfe8 16. Nd2 Bf8 17. f4 Qh5 18. Nf3 c5 19. Qb5 Be7 20. Qxd7 Bxh4 21. Ne5 f5
22. d5 Rad8 23. Qxa7 exd5 24. exd5 Bf6 25. c4 Bxe5 26. fxe5 Qg4 27. e6 Qd4+ 28.
Kh1 b5 29. Rcc1 bxc4 30. Qf7+ Kh8 31. e7 Rb8 32. Rcd1 Qe4 33. d6 Rb2 34. Qxe8+
Kh7 35. Rg1 1-0

[Event "8th HD Bank Cup 2018"]
[Site "Hanoi VIE"]
[Date "2018.03.10"]
[Round "2.15"]
[White "Wang, Jue"]
[Black "Deepan, Chakkravarthy J."]
[Result "0-1"]
[WhiteTitle "WGM"]
[BlackTitle "GM"]
[WhiteElo "2354"]
[BlackElo "2520"]
[WhiteFideId "8604070"]
[BlackFideId "5011132"]
[EventDate "2018.03.10"]

1. e4 c6 2. d4 d5 3. Nd2 dxe4 4. Nxe4 Nd7 5. Ng5 e6 6. Bd3 Ngf6 7. N1f3 Bd6 8.
Qe2 h6 9. Ne4 Nxe4 10. Qxe4 Qc7 11. Bd2 c5 12. Qe2 a6 13. d5 e5 14. Nh4 Nf6 15.
c4 O-O 16. Bf5 b5 17. b3 bxc4 18. bxc4 e4 19. Bxc8 Be5 20. Rb1 Raxc8 21. Nf5 Rb8
22. Rb3 Rxb3 23. axb3 Rb8 24. Qd1 Qd7 25. g4 h5 26. h3 g6 27. Nh6+ Kg7 28. Be3
Qb7 29. g5 Nd7 30. O-O Qxb3 31. Qe2 Qb2 32. Qd1 Rb3 33. Re1 Qc3 34. Qe2 Qd3 35.
Qxd3 exd3 36. f4 Bc3 37. Rd1 a5 38. Rxd3 a4 39. Kg2 Bb2 40. Rxb3 axb3 41. Kf3
Bd4 42. Bc1 b2 43. Bxb2 Bxb2 44. Ke4 Bc1 45. d6 Nb6 46. h4 Bd2 47. f5 Be1 48.
fxg6 fxg6 0-1

[Event "8th HD Bank Cup 2018"]
[Site "Hanoi VIE"]
[Date "2018.03.10"]
[Round "2.16"]
[White "Le, Tuan Minh"]
[Black "Sharma, Dinesh K."]
[Result "1/2-1/2"]
[WhiteTitle "IM"]
[BlackTitle "IM"]
[WhiteElo "2489"]
[BlackElo "2247"]
[WhiteFideId "12401153"]
[BlackFideId "5004110"]
[EventDate "2018.03.10"]

1. d4 d5 2. c4 c6 3. Nc3 dxc4 4. e3 b5 5. a4 b4 6. Ne4 Qd5 7. Ng3 e5 8. Nf3 exd4
9. e4 Qc5 10. Qxd4 Ba6 11. Be3 Qxd4 12. Nxd4 Nf6 13. Rc1 Ng4 14. Ndf5 Nxe3 15.
Nxe3 c3 16. bxc3 bxc3 17. Nd1 Bb4 18. Nxc3 Bb7 19. Bc4 Nd7 20. O-O Nb6 21. Bb3
O-O 22. e5 Ba6 23. Rfd1 Rfd8 24. Nce4 Rxd1+ 25. Rxd1 c5 26. f4 Kf8 27. a5 Bxa5
28. Ra1 Bc4 29. Rxa5 Bxb3 30. Nxc5 Bd5 31. Nf5 g6 32. Nd6 Bc6 33. Kf2 Ke7 34. g4
f6 35. Kg3 fxe5 36. fxe5 Nd7 37. Rxa7 Rxa7 38. Nc8+ Ke8 39. Nxa7 Nxe5 40. Kf4
Nd7 41. Nxc6 Nxc5 42. Kg5 h5 43. gxh5 gxh5 44. Kxh5 1/2-1/2

[Event "8th HD Bank Cup 2018"]
[Site "Hanoi VIE"]
[Date "2018.03.10"]
[Round "2.17"]
[White "Zou, Chen"]
[Black "Dao, Thien Hai"]
[Result "1/2-1/2"]
[WhiteTitle "FM"]
[BlackTitle "GM"]
[WhiteElo "2291"]
[BlackElo "2474"]
[WhiteFideId "8610959"]
[BlackFideId "12400084"]
[EventDate "2018.03.10"]

1. e4 c5 2. Nf3 d6 3. d4 cxd4 4. Nxd4 Nf6 5. Nc3 a6 6. Be3 e5 7. Nb3 Be6 8. f3
Be7 9. Qd2 O-O 10. O-O-O Nbd7 11. g4 b5 12. g5 Nh5 13. Nd5 Bxd5 14. exd5 f5 15.
gxf6 Rxf6 16. Na5 Qe8 17. Nc6 Nf4 18. Re1 Bf8 19. Bxf4 Rxf4 20. Qxf4 exf4 21.
Rxe8 Rxe8 22. Bh3 Nb6 1/2-1/2

[Event "8th HD Bank Cup 2018"]
[Site "Hanoi VIE"]
[Date "2018.03.10"]
[Round "2.18"]
[White "Santiago, Yago De Moura"]
[Black "Alfred, Nathan S W"]
[Result "1-0"]
[WhiteTitle "GM"]
[BlackTitle "FM"]
[WhiteElo "2473"]
[BlackElo "2208"]
[WhiteFideId "2103877"]
[BlackFideId "407739"]
[EventDate "2018.03.10"]

1. d4 Nf6 2. Nc3 d5 3. Bf4 g6 4. e3 Bg7 5. h4 c5 6. h5 Nxh5 7. Rxh5 gxh5 8. Qxh5
cxd4 9. Nxd5 e5 10. Bh6 Qxd5 11. Bxg7 Qa5+ 12. Kd1 dxe3 13. fxe3 Rg8 14. Qxh7
Bg4+ 15. Nf3 Bxf3+ 16. gxf3 Rxg7 17. Qxg7 Nd7 18. Bd3 O-O-O 19. Ke2 e4 20. Bxe4
Qh5 21. Rg1 Nf6 22. Qg5 Qh2+ 23. Rg2 Nxe4 24. Qg4+ f5 25. Rxh2 fxg4 26. fxe4 Re8
27. Rg2 Rg8 28. Kf2 Kd7 29. Kg3 Ke6 30. Rh2 Ke5 31. Rh7 Kxe4 32. Re7+ Kd5 33.
Rxb7 a5 34. Rb5+ Ke4 35. Rxa5 Kxe3 36. Ra4 Rc8 37. c3 Rb8 38. Rb4 1-0

[Event "8th HD Bank Cup 2018"]
[Site "Hanoi VIE"]
[Date "2018.03.10"]
[Round "2.19"]
[White "Abelgas, Roel"]
[Black "Karthikeyan, P."]
[Result "0-1"]
[WhiteTitle "FM"]
[BlackTitle "IM"]
[WhiteElo "2273"]
[BlackElo "2473"]
[WhiteFideId "5200970"]
[BlackFideId "5018226"]
[EventDate "2018.03.10"]

1. d4 Nf6 2. c4 e6 3. Nf3 c5 4. d5 exd5 5. cxd5 d6 6. Nc3 g6 7. g3 Bg7 8. Bg2
O-O 9. O-O a6 10. a4 Re8 11. Nd2 Nbd7 12. Nc4 Ne5 13. Nxe5 Rxe5 14. e4 Re8 15.
h3 Rb8 16. a5 b5 17. axb6 Qxb6 18. Qa4 Nd7 19. Bf4 Re7 20. Rfd1 Ne5 21. Bg5 Ra7
22. Be3 Bd7 23. Qc2 Nc4 24. Bf4 Qb3 25. Qxb3 Rxb3 26. Na4 Rb4 27. Nc3 Nxb2 28.
Rdc1 Nd3 29. Bxd6 Nxc1 30. Rxc1 Bf8 31. Bf4 a5 32. d6 Be6 33. e5 a4 34. Be3 Rc4
35. Bf1 Rxc3 36. Rxc3 a3 37. Rc1 a2 38. Ra1 Rb7 39. Bd3 Bg7 40. f4 f6 41. Be4
Rb8 42. g4 fxe5 43. f5 gxf5 44. gxf5 Bb3 45. Bxc5 Bf8 46. Kh1 Rd8 47. Rg1+ Kf7
48. Bf3 Bxd6 49. Be3 Rg8 0-1

[Event "8th HD Bank Cup 2018"]
[Site "Hanoi VIE"]
[Date "2018.03.10"]
[Round "2.20"]
[White "Le, Huu Thai"]
[Black "Nguyen, Duc Hoa"]
[Result "1/2-1/2"]
[WhiteTitle "CM"]
[BlackTitle "GM"]
[WhiteElo "2223"]
[BlackElo "2463"]
[WhiteFideId "12402460"]
[BlackFideId "12401358"]
[EventDate "2018.03.10"]

1. d4 e6 2. Nf3 c5 3. e4 cxd4 4. Nxd4 Nc6 5. Be3 Nf6 6. Nc3 Bb4 7. Bd3 d5 8.
exd5 Nxd5 9. Nxc6 Nxe3 10. Nxd8 Nxd1 11. Rxd1 Kxd8 12. Bxh7+ Ke7 13. Be4 Rh4 14.
Bf3 Bxc3+ 15. bxc3 Ra4 16. Ra1 e5 17. Bd5 Be6 18. Bxb7 Rd8 19. O-O Rd2 20. Rfc1
Kd6 21. a3 Kc5 22. f3 f6 23. Be4 f5 24. Bd3 e4 25. fxe4 fxe4 26. Bf1 Bd5 27. h4
e3 28. Re1 Re4 29. Be2 Rf4 30. Rad1 Rxc2 31. Rd3 Rf2 32. Rxe3 Rxg2+ 33. Kf1 Rh2
34. Kg1 Rh1+ 35. Kf2 Rxh4 36. Kg3 Ra4 37. Rd1 Bc6 38. c4 Ra2 39. Rdd3 Rb2 40.
Re5+ Kb6 41. Rc3 Rd2 42. Bg4 Rd4 43. Be2 Re4 44. Rb3+ Kc7 45. Rxe4 Bxe4 46. Kf4
Bc2 47. Rc3 Bb1 48. Rb3 Ba2 49. Rg3 Kb6 50. Rxg7 Rxa3 51. Ke4 Rh3 52. c5+ Kxc5 1/2-1/2

[Event "8th HD Bank Cup 2018"]
[Site "Hanoi VIE"]
[Date "2018.03.10"]
[Round "2.21"]
[White "Lu, Chan Hung"]
[Black "Liu, Guanchu"]
[Result "1-0"]
[WhiteTitle "IM"]
[BlackTitle "IM"]
[WhiteElo "2181"]
[BlackElo "2460"]
[WhiteFideId "12402508"]
[BlackFideId "8603901"]
[EventDate "2018.03.10"]

1. c4 f5 2. Nc3 Nf6 3. g3 e5 4. Bg2 Be7 5. d3 O-O 6. Qb3 Nc6 7. Nf3 Qe8 8. Nd5
Bd8 9. Bg5 e4 10. dxe4 fxe4 11. Nd2 Nd4 12. Qd1 Nxd5 13. cxd5 Nf3+ 14. Bxf3 exf3
15. Bxd8 fxe2 16. Qxe2 Qxd8 17. d6 cxd6 18. O-O b6 19. Qc4+ Kh8 20. Ne4 Qe7 21.
Qd5 Ba6 22. Rfe1 Rae8 23. Rad1 h6 24. f4 Qe6 25. Qxe6 Rxe6 26. Nxd6 Rxe1+ 27.
Rxe1 Rf6 28. Rd1 Kg8 29. Ne4 Rf7 30. Kf2 g5 31. Ke3 gxf4+ 32. gxf4 Bb5 33. Rd6
Re7 34. Kd4 Bc6 35. Ng3 Rf7 36. Ke5 Re7+ 37. Kd4 Rf7 38. Ke5 Re7+ 39. Kf6 Re1
40. Kg6 Rc1 41. Rd2 Rc4 42. Nh5 b5 43. b3 Rc3 44. f5 Kf8 45. Nf6 d6 46. Nh7+ Kg8
47. Nf6+ Kf8 48. Rxd6 Rc2 49. h4 h5 50. Nh7+ Ke7 51. Rd1 Be8+ 52. Kg7 1-0

[Event "8th HD Bank Cup 2018"]
[Site "Hanoi VIE"]
[Date "2018.03.10"]
[Round "2.22"]
[White "Pham, Thi Thu Hien"]
[Black "Laxman, R.R."]
[Result "0-1"]
[BlackTitle "GM"]
[WhiteElo "2138"]
[BlackElo "2457"]
[WhiteFideId "12402575"]
[BlackFideId "5005361"]
[EventDate "2018.03.10"]

1. e4 e5 2. Nf3 Nc6 3. c3 Nf6 4. d4 Nxe4 5. d5 Ne7 6. Nxe5 Ng6 7. Nxg6 hxg6 8.
Qe2 Qe7 9. g3 d6 10. Bg2 Nc5 11. Qxe7+ Bxe7 12. O-O Nd3 13. Na3 a6 14. Nc4 Bd7
15. Rd1 Nxc1 16. Raxc1 O-O-O 17. Na5 g5 18. c4 Bg4 19. Rd3 Bf6 20. Rb3 b6 21.
Nc6 Rde8 22. a4 a5 23. Rb5 Kd7 24. b4 axb4 25. Rxb4 Bf5 26. Rb5 Re2 27. a5 Rhe8
28. h3 bxa5 29. Rxa5 Bb2 30. Rf1 Bf6 31. c5 dxc5 32. Rxc5 Kd6 33. Ra5 Re1 34.
Kh2 Rxf1 35. Bxf1 Re1 36. Bg2 Be4 37. Nb4 Bxg2 38. Kxg2 Ra1 39. Rb5 Rb1 40. Rb8
Rb3 41. Kf1 Kd7 42. Ke2 Bd4 43. f4 gxf4 44. gxf4 f5 45. h4 Bc5 46. Na6 Rxb8 47.
Nxb8+ Kd6 48. h5 Kxd5 49. Nd7 Bd6 50. Ke3 Kc6 51. Nb8+ Kb7 52. Nd7 Kc8 53. Ne5
Bxe5 54. fxe5 Kd7 0-1

[Event "8th HD Bank Cup 2018"]
[Site "Hanoi VIE"]
[Date "2018.03.10"]
[Round "2.23"]
[White "Harsha, Bharathakoti"]
[Black "Looi, Xin Hao"]
[Result "1-0"]
[WhiteTitle "IM"]
[WhiteElo "2443"]
[BlackElo "2104"]
[WhiteFideId "5078776"]
[BlackFideId "5702828"]
[EventDate "2018.03.10"]

1. d4 d5 2. c4 e6 3. Nf3 c6 4. e3 Nf6 5. b3 Nbd7 6. Bd3 Bd6 7. Bb2 Ne4 8. O-O f5
9. Nc3 Qf6 10. Ne2 Qh6 11. Ne5 Ndf6 12. Qc1 O-O 13. f3 Ng5 14. Nf4 Nf7 15. Be2
Bd7 16. Nfd3 Rad8 17. c5 Bc7 18. Bc3 Be8 19. b4 Nd7 20. a4 Ndxe5 21. dxe5 a6 22.
Bd4 g5 23. f4 Kh8 24. Rb1 Rg8 25. Ne1 Ra8 26. Qd1 Nd8 27. Rb2 Qg6 28. Bd3 gxf4
29. exf4 Qh6 30. Be2 Nf7 31. Kh1 Bd8 32. Rb3 Be7 33. Nc2 Qf8 34. Ne3 Nh6 35. Qc2
Bg6 36. Bd3 Rc8 37. Be2 Rg7 38. Rc3 Be8 39. Qd1 Qg8 40. Rc2 Qf8 41. Rc3 Qg8 42.
Rc2 Qf8 43. Qe1 Bg6 44. Bc3 Be8 45. Bf3 Bg6 46. Qe2 Be8 47. Rcc1 Qg8 48. Rb1 Qf8
49. Rbc1 Qg8 50. Rg1 Qf8 51. g3 Rg8 52. Rg2 Ra8 53. a5 Bg6 54. Rf1 Qf7 55. Kg1
Rg7 56. Kf2 Kg8 57. Ke1 Kf8 58. h3 Ke8 59. Nc2 Kd7 1-0

[Event "8th HD Bank Cup 2018"]
[Site "Hanoi VIE"]
[Date "2018.03.10"]
[Round "2.24"]
[White "Jishitha, D"]
[Black "Dimakiling, Oliver"]
[Result "1/2-1/2"]
[WhiteTitle "WFM"]
[BlackTitle "IM"]
[WhiteElo "2099"]
[BlackElo "2441"]
[WhiteFideId "35031660"]
[BlackFideId "5202248"]
[EventDate "2018.03.10"]

1. c4 e6 2. Nc3 Bb4 3. Qc2 c5 4. Nf3 Nc6 5. e3 Nf6 6. d4 b6 7. Bd3 O-O 8. O-O
cxd4 9. exd4 Be7 10. a3 d5 11. cxd5 exd5 12. Bg5 Bg4 13. Ne5 Bd7 14. Bxf6 gxf6
15. Bxh7+ Kh8 16. Nxd7 Qxd7 17. Bf5 Nxd4 18. Bxd7 Nxc2 19. Rac1 Rad8 20. Ba4 d4
21. Rxc2 dxc3 22. Rxc3 Rd2 23. b4 Bd6 24. Rd1 Rxd1+ 25. Bxd1 Rd8 26. Bg4 f5 27.
Bxf5 Bxb4 28. Rc8 Rxc8 29. Bxc8 Bxa3 30. Ba6 Kg7 31. g4 f5 32. f3 Kf6 33. Kf2
Kg5 34. h3 f4 1/2-1/2

[Event "8th HD Bank Cup 2018"]
[Site "Hanoi VIE"]
[Date "2018.03.10"]
[Round "2.25"]
[White "Nguyen, Quoc Hy"]
[Black "Nguyen, Anh Khoi"]
[Result "0-1"]
[WhiteTitle "CM"]
[BlackTitle "IM"]
[WhiteElo "2039"]
[BlackElo "2435"]
[WhiteFideId "12410853"]
[BlackFideId "12404675"]
[EventDate "2018.03.10"]

1. Nf3 g6 2. g3 b6 3. Bg2 Bb7 4. d4 Bg7 5. c4 Nf6 6. O-O O-O 7. d5 Ne4 8. Qc2 f5
9. Rd1 c6 10. Nd4 cxd5 11. cxd5 Na6 12. Nc3 Nac5 13. Bf4 Nxc3 14. Qxc3 Qe8 15.
Qa3 Qf7 16. Nf3 Rfc8 17. Rac1 d6 18. Ng5 Qe8 19. b4 Na4 20. Qe3 Bf6 21. h4 Rxc1
22. Rxc1 Rc8 23. Kh2 Rxc1 24. Qe6+ Kg7 25. Bxc1 Bc8 26. Qe3 Bd7 27. h5 gxh5 28.
Bf3 Kh8 29. Qf4 Nc3 30. Be3 Qg6 31. Bd4 Kg8 0-1

[Event "8th HD Bank Cup 2018"]
[Site "Hanoi VIE"]
[Date "2018.03.10"]
[Round "2.26"]
[White "Nguyen, Ngoc Truong Son"]
[Black "Tran, Le Dan Thuy"]
[Result "1-0"]
[WhiteTitle "GM"]
[BlackTitle "WFM"]
[WhiteElo "2630"]
[BlackElo "2036"]
[WhiteFideId "12401110"]
[BlackFideId "12403407"]
[EventDate "2018.03.10"]

1. d4 d5 2. c4 e6 3. Nc3 Nf6 4. Nf3 c6 5. e3 Nbd7 6. Qc2 Be7 7. b3 O-O 8. Be2 b6
9. O-O Bb7 10. Bb2 Rc8 11. Rfd1 Qc7 12. Rac1 Rfd8 13. h3 Qb8 14. e4 dxe4 15.
Nxe4 Qf4 16. Nxf6+ Nxf6 17. c5 Nd5 18. g3 Qh6 19. Bf1 Qh5 20. Ne5 Nb4 21. Qe2
Qxe2 22. Bxe2 bxc5 23. dxc5 Rxd1+ 24. Rxd1 Rd8 25. a3 Rxd1+ 26. Bxd1 Nd5 27. b4
a5 28. bxa5 Bxc5 29. Bh5 g6 30. Be2 Bd6 31. a6 Ba8 32. Nd7 f5 33. Bc4 Bc7 34.
Be5 Ba5 35. Bd6 1-0

[Event "8th HD Bank Cup 2018"]
[Site "Hanoi VIE"]
[Date "2018.03.10"]
[Round "2.27"]
[White "Wen, Yang"]
[Black "Nguyen, Van Hai"]
[Result "1-0"]
[WhiteTitle "GM"]
[BlackTitle "IM"]
[WhiteElo "2608"]
[BlackElo "2335"]
[WhiteFideId "8602956"]
[BlackFideId "12400122"]
[EventDate "2018.03.10"]

1. e4 e6 2. d4 d5 3. Bd3 dxe4 4. Bxe4 Nf6 5. Bf3 c5 6. Ne2 Nc6 7. Be3 cxd4 8.
Nxd4 Nxd4 9. Qxd4 Qxd4 10. Bxd4 Bd6 11. Nd2 O-O 12. O-O-O Rd8 13. Kb1 e5 14. Bc3
Be6 15. Bxb7 Rab8 16. Bf3 Nd5 17. Ba5 Rdc8 18. Nb3 Rb5 19. a4 1-0

[Event "8th HD Bank Cup 2018"]
[Site "Hanoi VIE"]
[Date "2018.03.10"]
[Round "2.28"]
[White "Xu, Yi"]
[Black "Duong, The Anh"]
[Result "1-0"]
[WhiteTitle "IM"]
[BlackTitle "IM"]
[WhiteElo "2499"]
[BlackElo "2327"]
[WhiteFideId "8605564"]
[BlackFideId "12401277"]
[EventDate "2018.03.10"]

1. e4 c5 2. Nf3 g6 3. c3 Bg7 4. d4 Qc7 5. Be3 d6 6. h3 Nf6 7. Bd3 Nbd7 8. O-O
O-O 9. a4 b6 10. Na3 Bb7 11. d5 a6 12. c4 e6 13. Qc2 Rae8 14. Rae1 Re7 15. Bf4
e5 16. Bd2 Nh5 17. g3 Bc8 18. Kg2 h6 19. Nh2 Ndf6 20. Be2 Kh7 21. Rh1 Qd7 22.
Nf1 Bh8 23. Ne3 Ng7 24. Ng4 Ng8 25. Bxh6 f5 26. exf5 gxf5 27. Bg5 Ref7 28. Nb1
Ne8 29. Nd2 Bf6 30. Nf3 Rg7 31. h4 Kh8 32. Nxf6 Nexf6 33. Bxf6 Nxf6 34. h5 Ng4
35. Nh4 Rf6 36. Ng6+ Kg8 37. Rh4 Qd8 38. Qd2 Bd7 39. f3 1-0

[Event "8th HD Bank Cup 2018"]
[Site "Hanoi VIE"]
[Date "2018.03.10"]
[Round "2.29"]
[White "Nguyen, Hoang Nam"]
[Black "Saduakassova, Dinara"]
[Result "0-1"]
[WhiteTitle "CM"]
[BlackTitle "IM"]
[WhiteElo "2188"]
[BlackElo "2479"]
[WhiteFideId "12402133"]
[BlackFideId "13700090"]
[EventDate "2018.03.10"]

1. f4 Nf6 2. Nf3 g6 3. g3 Bg7 4. Bg2 d5 5. O-O c6 6. Na3 Bf5 7. h3 h5 8. d3 Nbd7
9. Qe1 Qc7 10. Nh4 Nc5 11. Be3 Nfd7 12. c3 e5 13. Nxf5 gxf5 14. Qf2 Ne6 15. fxe5
Bxe5 16. Qxf5 O-O-O 17. Qxf7 Qd6 18. d4 Bxg3 19. Nc2 Rdg8 20. Kh1 Rg7 21. Qf5
Rhg8 22. Bf3 Ng5 23. Bxh5 Ne4 24. Bg4 Rxg4 25. hxg4 Rh8+ 26. Kg2 Rh2+ 27. Kf3
Bf2 28. Bf4 Nd2+ 0-1

[Event "8th HD Bank Cup 2018"]
[Site "Hanoi VIE"]
[Date "2018.03.10"]
[Round "2.30"]
[White "Pena Gomez, Manuel"]
[Black "Nguyen, Thi Thanh An"]
[Result "1-0"]
[WhiteTitle "IM"]
[BlackTitle "WGM"]
[WhiteElo "2478"]
[BlackElo "2274"]
[WhiteFideId "2252813"]
[BlackFideId "12400300"]
[EventDate "2018.03.10"]

1. g3 g6 2. Bg2 Bg7 3. c4 d6 4. Nc3 c5 5. e4 Nc6 6. Nge2 e5 7. a3 Nge7 8. O-O
Be6 9. Nd5 O-O 10. Rb1 Nd4 11. b4 b6 12. Nxd4 cxd4 13. f4 Rc8 14. d3 f5 15. fxe5
dxe5 16. Bg5 Bxd5 17. cxd5 h6 18. Bd2 Kh7 19. Qa4 Qd6 20. Rbc1 fxe4 21. dxe4
Rxf1+ 22. Rxf1 Rc7 23. Bh3 Ng8 24. b5 Nf6 25. Bb4 Qd8 26. d6 1-0

[Event "8th HD Bank Cup 2018"]
[Site "Hanoi VIE"]
[Date "2018.03.10"]
[Round "2.31"]
[White "Nguyen, Van Huy"]
[Black "Nandhidhaa, PV"]
[Result "1-0"]
[WhiteTitle "IM"]
[BlackTitle "WIM"]
[WhiteElo "2454"]
[BlackElo "2261"]
[WhiteFideId "12401064"]
[BlackFideId "5050847"]
[EventDate "2018.03.10"]

1. d4 Nf6 2. c4 e6 3. Nf3 d5 4. g3 Bb4+ 5. Nbd2 dxc4 6. Bg2 c6 7. O-O b5 8. b3
cxb3 9. Nxb3 O-O 10. Qc2 Qb6 11. e4 Nbd7 12. e5 Nd5 13. Ng5 g6 14. Ne4 Be7 15.
h4 Bb7 16. Nbc5 Qc7 17. Bh6 Rfd8 18. Bg5 Nxc5 19. Nxc5 a5 20. a3 Rdb8 21. Bxe7
Qxe7 22. h5 Bc8 23. Qd2 Kg7 24. Be4 b4 25. Kg2 g5 26. h6+ Kh8 27. Bxd5 exd5 28.
axb4 axb4 29. Rxa8 Rxa8 30. Qxb4 Qf8 31. Rh1 Bg4 32. Qb3 Qc8 33. e6 fxe6 34. Qe3
Qc7 35. Rb1 Rf8 36. Rb7 Qd6 37. Qxg5 Bf3+ 38. Kg1 1-0

[Event "8th HD Bank Cup 2018"]
[Site "Hanoi VIE"]
[Date "2018.03.10"]
[Round "2.32"]
[White "Llaneza Vega, Marcos"]
[Black "Raja, Rithvik R"]
[Result "1-0"]
[WhiteTitle "IM"]
[BlackTitle "FM"]
[WhiteElo "2430"]
[BlackElo "2227"]
[WhiteFideId "2253585"]
[BlackFideId "35007394"]
[EventDate "2018.03.10"]

1. e4 e5 2. Nf3 Nf6 3. Nc3 Bb4 4. a3 Bxc3 5. dxc3 Nxe4 6. Qd5 Nf6 7. Qxe5+ Qe7
8. Bf4 d6 9. Qxe7+ Kxe7 10. O-O-O Be6 11. Nd4 Nc6 12. Nxe6 fxe6 13. Bc4 e5 14.
Rhe1 Rhe8 15. Be3 Rf8 16. h3 1-0

[Event "8th HD Bank Cup 2018"]
[Site "Hanoi VIE"]
[Date "2018.03.10"]
[Round "2.33"]
[White "Anand, Nadar"]
[Black "Diu, Viacheslav"]
[Result "0-1"]
[WhiteTitle "FM"]
[BlackTitle "IM"]
[WhiteElo "2262"]
[BlackElo "2426"]
[WhiteFideId "25009141"]
[BlackFideId "4167465"]
[EventDate "2018.03.10"]

1. d4 Nf6 2. c4 g6 3. Nc3 Bg7 4. e4 d6 5. Be2 O-O 6. Nf3 e5 7. O-O Nc6 8. d5 Ne7
9. b4 Ne8 10. c5 f5 11. Ng5 h6 12. Ne6 Bxe6 13. dxe6 fxe4 14. cxd6 cxd6 15. b5
Rc8 16. Qb3 Nf6 17. Ba3 Kh7 18. Rad1 Nf5 19. Nd5 Re8 20. e7 Rxe7 21. Nxe7 Qxe7
22. Rc1 Nd4 23. Rxc8 Nxb3 24. axb3 Nd5 25. Rfc1 e3 26. fxe3 Qg5 27. Bc4 Qxe3+
28. Kh1 Qd2 29. Rd8 0-1

[Event "8th HD Bank Cup 2018"]
[Site "Hanoi VIE"]
[Date "2018.03.10"]
[Round "2.34"]
[White "Hoang, Thi Bao Tram"]
[Black "Sihite, Chelsie Monica Ignesias"]
[Result "0-1"]
[WhiteTitle "WGM"]
[BlackTitle "WIM"]
[WhiteElo "2410"]
[BlackElo "2189"]
[WhiteFideId "12401102"]
[BlackFideId "7101198"]
[EventDate "2018.03.10"]

1. d4 d6 2. g3 Nf6 3. Bg2 c6 4. e4 g6 5. Ne2 Bg7 6. O-O O-O 7. a4 a5 8. b3 Na6
9. Bb2 Nd7 10. Bc3 Nc7 11. f4 d5 12. e5 f5 13. Bb2 e6 14. Nd2 b5 15. axb5 cxb5
16. Ra2 Nb6 17. Qa1 a4 18. Ba3 Rf7 19. Bc5 Na6 20. c4 axb3 21. Bxb6 Qxb6 22. c5
Qb8 23. Nxb3 Rfa7 24. Qc3 b4 25. Qd2 Bd7 26. Rb1 Bf8 27. Nec1 Be7 28. Bf1 Bd8
29. Rba1 Bc8 30. Ra4 h6 31. Bd3 g5 32. h3 gxf4 33. Qxf4 Qb7 34. Kh2 Qe7 35. Qe3
Kh7 36. Ne2 Qe8 37. Ng1 Qe7 38. Qe1 Nb8 39. Rxa7 Rxa7 40. Rxa7 Qxa7 41. Qxb4 Bd7
42. Ne2 Nc6 43. Qc3 Qa4 44. Bc2 Qa3 45. Bd1 Qa2 46. Nc1 Qa6 47. Qb2 Ba5 0-1